Tobacco rattle virus 16K silencing suppressor binds AGO4 and inhibits formation of RNA silencing complexes

Elmentve itt :
Bibliográfiai részletek
Szerzők: Fernandez-Calvino Lourdes
Martínez-Priego Llúcia
Szabó Edit Zsuzsanna
Guzmán-Benito Irene
González Inmaculada
Canto Tomás
Lakatos Lóránt
Llave César
Dokumentumtípus: Cikk
Megjelent: SGM 2016
Sorozat:Journal of General Virology 97 No. 1
doi:10.1099/jgv.0.000323

mtmt:2965265
Online Access:http://publicatio.bibl.u-szeged.hu/10407
LEADER 01015nab a2200277 i 4500
001 publ10407
005 20190611151303.0
008 170130s2016 hu o 0|| zxx d
022 |a 0022-1317 
024 7 |a 10.1099/jgv.0.000323  |2 doi 
024 7 |a 2965265  |2 mtmt 
040 |a SZTE Publicatio Repozitórium  |b hun 
041 |a zxx 
100 2 |a Fernandez-Calvino Lourdes 
245 1 0 |a Tobacco rattle virus 16K silencing suppressor binds AGO4 and inhibits formation of RNA silencing complexes  |h [elektronikus dokumentum] /  |c  Fernandez-Calvino Lourdes 
260 |a SGM  |c 2016 
300 |a 246-257 
490 0 |a Journal of General Virology  |v 97 No. 1 
700 0 2 |a Martínez-Priego Llúcia  |e aut 
700 0 2 |a Szabó Edit Zsuzsanna  |e aut 
700 0 2 |a Guzmán-Benito Irene  |e aut 
700 0 2 |a González Inmaculada  |e aut 
700 0 2 |a Canto Tomás  |e aut 
700 0 2 |a Lakatos Lóránt  |e aut 
700 0 2 |a Llave César  |e aut 
856 4 0 |u http://publicatio.bibl.u-szeged.hu/10407/1/2965265_Fernandez-Calvino.pdf  |z Dokumentum-elérés